| 000 | 00000nam 2200000zi 4500 |
| 001 | 9.954314 |
| 003 | CaOODSP |
| 005 | 20250825094257 |
| 006 | m o d f |
| 007 | cr cn||||||||| |
| 008 | 250820e20160120onc obs f000 0 eng d |
| 040 | |aCaOODSP|beng|erda|cCaOODSP |
| 043 | |an-cn--- |
| 086 | 1 |aCS82-003/2016-1-1E-PDF |
| 100 | 1 |aBougie, Evelyne, |d1974- |eauthor. |
| 245 | 10|aValidation of the 10-item Kessler Psychological Distress Scale (K10) in the 2012 Aboriginal Peoples Survey / |cby Evelyne Bougie, Rubab G. Arim, Dafna E. Kohen and Leanne C. Findlay. |
| 264 | 1|a[Ottawa] : |bStatistics Canada = Statistique Canada, |cJanuary 20, 2016. |
| 264 | 4|c©2016 |
| 300 | |a1 online resource (pages 3-10). |
| 336 | |atext|btxt|2rdacontent |
| 337 | |acomputer|bc|2rdamedia |
| 338 | |aonline resource|bcr|2rdacarrier |
| 490 | 1 |aHealth reports, |x1209-1367 ; |vvol. 27, no. 1, [1] |
| 500 | |aIssued also in French under title: Validation de l'échelle de détresse psychologique à 10 questions de Kessler (K10) à partir de l'Enquête auprès des peuples autochtones de 2012 |
| 500 | |aCover title. |
| 504 | |aIncludes bibliographical references (page 10). |
| 520 | 3 |a"The 10-item Kessler Psychological Distress Scale (K10) is a short measure of non-specific psychological distress, which has been shown to be a sensitive screen for the Diagnostic and Statistical Manual of Mental Disorders criteria for anxiety and mood disorders. The scale has yet to be validated as a measure of psychological distress for Aboriginal peoples in Canada"--Abstract, page 3. |
| 650 | 0|aDistress (Psychology)|zCanada|vStatistics. |
| 650 | 0|aIndigenous peoples|xPsychological testing|zCanada|vStatistics. |
| 655 | 7|aStatistics|2lcgft |
| 710 | 2 |aStatistics Canada, |eissuing body. |
| 775 | 08|tValidation de l'échelle de détresse psychologique à 10 questions de Kessler (K10) à partir de l'Enquête auprès des peuples autochtones de 2012 / |w(CaOODSP)9.954313 |
| 830 | #0|aHealth reports (Series)|x1209-1367 ; |vvol. 27, no. 1, [1].|w(CaOODSP)9.950253 |
| 856 | 40|qPDF|s437 KB|uhttps://publications.gc.ca/collections/collection_2025/statcan/82-003-x/CS82-003-2016-1-1-eng.pdf |
| 856 | 4 |qHTML|sN/A|uhttps://www150.statcan.gc.ca/n1/pub/82-003-x/2016001/article/14307-eng.htm |
| 986 | |a82-003-X |